|
|
|
|
| LEADER |
00000nbm0a2200000 4500 |
| 001 |
148275 |
| 005 |
20231031145417.0 |
| 029 |
0 |
0 |
|a SU
|b 0182.9.023272
|f ТПУ
|
| 035 |
|
|
|a (RuTPU)RU\TPU\book\160731
|
| 090 |
|
|
|a 148275
|
| 100 |
|
|
|a 20081201d1982 k y0rusy50 ca
|
| 101 |
0 |
|
|a rus
|
| 102 |
|
|
|a RU
|
| 105 |
|
|
|a a p 001zy
|
| 200 |
1 |
|
|a Разработка фототермопластических пленок с панхроматической чувствительностью. Разработка двухслойных фототермических пленок
|e Заключительный отчет о НИР
|e Тема 5-9/81
|f Томский политехнический институт (ТПИ) ; руководитель Е. Е. Сироткина ; Н. А. Цехановская
|
| 210 |
|
|
|a Томск
|
| 215 |
|
|
|a 38 л.
|
| 320 |
|
|
|a Библиогр.: с. 30-31.
|
| 333 |
|
|
|a Передано в Государственный архив Томской области
|
| 702 |
|
1 |
|a Сироткина
|b Е. Е.
|4 673
|
| 702 |
|
1 |
|a Цехановская
|b Н. А.
|4 677
|
| 712 |
0 |
2 |
|a Томский политехнический институт (ТПИ)
|c (1944-1991)
|4 595
|
| 801 |
|
1 |
|a RU
|b 63413507
|c 20081201
|g PSBO
|
| 801 |
|
2 |
|a RU
|b 63413507
|c 20220505
|g RCR
|
| 942 |
|
|
|c BK
|